000 004480000a22001810004500
003 MACL
005 20160108134305.0
008 160108b xxu||||| |||| 00| 0 eng d
040 _aMACL
_cMACL
041 _aEnglish
082 _a920.72/COR
100 _aCormack, Margaret
_929698
245 _aThe Hindu Woman
260 _bAsia Publishing House
_c1961
_aBombay
350 _a10.50
650 _aBiography
_929699
942 _cBK
_k920.72/COR
_2ddc
999 _c36097
_d36097